Normal view
MARC view
Entry Topical Term
001 - CONTROL NUMBER
- control field: 755328
003 - CONTROL NUMBER IDENTIFIER
- control field: OSt
005 - DATE AND TIME OF LATEST TRANSACTION
- control field: 20250507130404.0
008 - FIXED-LENGTH DATA ELEMENTS
- fixed length control field: 250507|| aca||aabn | a|a d
040 ## - CATALOGING SOURCE
- Original cataloging agency: OSt
- Transcribing agency: OSt
150 ## - HEADING--TOPICAL TERM
- Topical term or geographic name entry element: Nakagami Kenji Criticism and interpretation; Buraku people in literature
670 ## - SOURCE DATA FOUND
- Source citation: Work cat.: (OSt)1319411: Zimmerman Eve Au. 667596, Out of the alleyway: Nakagami Kenji and the poetics of outcaste fiction, 2007
